Tratado de Derecho Constitucional /

En esta obra, el autor desarrolla las bases del Derecho Constitucional, contenidos esenciales para la comprensión de las diversas instituciones que desarrolla el texto positivo de la Constitución Política de la República de 1980.

Bibliographic Details
Main Author: Quinzio, Jorge
Format: Libro
Language:Spanish
Published: Santiago, Chile LexisNexis 2003
Series:Colección estudiantil
Subjects:
Online Access:

MARC

LEADER 00000cam a2200000 a 4500
001 011455
003 UAHC_CL
005 20170803120801.0
008 060313b2003 cl 000 u spa
020 |a 956238392X 
040 |a UAHC_CL  |c UAHC_CL  |d UAHC_CL 
100 1 |a Quinzio, Jorge 
245 1 0 |a Tratado de Derecho Constitucional /  |c Jorge Mario Quinzio Figueiredo. 
260 |b LexisNexis  |c 2003  |a Santiago, Chile 
300 |a 286 p. 
490 0 |a Colección estudiantil 
520 |a En esta obra, el autor desarrolla las bases del Derecho Constitucional, contenidos esenciales para la comprensión de las diversas instituciones que desarrolla el texto positivo de la Constitución Política de la República de 1980. 
521 |a Derecho Constitucional 
650 4 |a DERECHO CONSTITUCIONAL  |z CHILE 
653 |a DERECHO 
658 |a Belmar, Francisco 
900 |a 342.83 QUI 
942 |c BK 
952 |0 0  |1 0  |4 0  |6 342_830000000000000_QUI_V_1  |7 0  |8 General  |9 23302  |a BC  |b BC  |c General  |d 2017-08-03  |l 0  |o 342.83 QUI v.1  |p 1352512  |r 2026-01-13 00:00:00  |t 1  |w 2017-08-03  |y BK 
952 |0 0  |1 0  |4 0  |6 342_830000000000000_QUI_V_2  |7 0  |8 General  |9 23303  |a BC  |b BC  |c General  |d 2017-08-03  |l 1  |o 342.83 QUI v.2  |p 1352513  |r 2026-01-13 00:00:00  |s 2023-06-15  |t 1  |w 2017-08-03  |y BK 
952 |0 0  |1 0  |4 0  |6 342_830000000000000_QUI_V_1  |7 0  |8 General  |9 23304  |a BC  |b BC  |c General  |d 2017-08-03  |l 0  |o 342.83 QUI v.1  |p 1352514  |r 2026-01-13 00:00:00  |t 2  |w 2017-08-03  |y BK 
952 |0 0  |1 0  |4 0  |6 342_830000000000000_QUI_V_2  |7 0  |8 General  |9 23305  |a BC  |b BC  |c General  |d 2017-08-03  |l 1  |o 342.83 QUI v.2  |p 1352515  |r 2026-01-13 00:00:00  |s 2023-06-15  |t 2  |w 2017-08-03  |y BK 
999 |c 11455  |d 11455